000 01699nam a2200337 i 4500
003 EG-GICUC
005 20260428144537.0
008 260428s2010 ||| |||fr|||| 00| 0 Ara d
040 _a EG-GICUC
_bara
_c EG-GICUC
_d EG-GICUC
_erda
041 0 _aAra
082 0 4 _221
_a343.411
_bم ح . م
092 0 4 _221
099 _aLaw1 10 343.411 م ح . م 2010
100 0 _aمحمد عبدالوهاب
_eAuthor.
245 1 2 _aالموسوعة الإقتصادية الشاملة المحاكم الإقتصادية.
_nالمجلد الرابع،
_pالكتب الدورية الصادرة من مكتب النائب العام ومذكرات التفتيش الفنية الصادرة من إدارة التفتيش بالنيابة العامة بشأن تفسير وتطبيق التشريعات الإقتصادية /
_bتأليف محمد عبدالوهاب، مدحت الدبيسى، حمدى خليفة.
264 1 _a[مكان النشر غير محدد] :
_b[ الناشر غير محدد]،
_c2010.
300 _a434 ؛صفحة
_c24 سم.
_bإيضاحيات، صور، مثيليات ؛
336 _2rda content
_atext
337 _2rda media
_aComputer
338 _2rda carrier
_aOnline Resource
504 _a. 240-220 ببليوجرافيا: صفحات.
546 _aالنص باللغة العربية
650 1 _aقانون العقوبات الإقتصادى
_2qrmak
650 1 _aالقانون الجنائى
_2qrmak
651 1 _2qrmak
700 0 _aمدحت الدبيسى
_eمؤلف مشارك.
700 0 _aحمدى خليفة
_eمؤلف مشارك.
856 4 0 _uhttps://fll.law.cu.edu.eg/fulltext/bks/B10-10701.pdf
905 _a54
942 _2ddc
_cBK
_e21
_n0
999 _c73926
_d73926